Common Comic Strips Quiz Stats

 Plays Quiz Updated Feb 4, 2012

Also try: Comic Strips
Challenge
Share
Tweet
Embed
Score 0/34 Timer 10:00
3 Plays Today
Strip % Correct
Peanuts
85.3%
Garfield
75.7%
The Family Circus
58.9%
Blondie
49.3%
Dilbert
45.5%
Hagar the Horrible
42.6%
Beetle Bailey
40.2%
Doonesbury
40.1%
Zits
35.4%
Marmaduke
32.4%
For Better or For Worse
30.6%
Dennis the Menace
25.7%
B.C.
25.3%
The Wizard of Id
24.7%
Hi and Lois
22.8%
Baby Blues
21.7%
Ziggy
21%
Strip % Correct
Pearls Before Swine
20.1%
Get Fuzzy
16.9%
Andy Capp
16.5%
Mother Goose and Grimm
12.9%
Mutts
11.4%
Pickles
11.1%
Luann
11.1%
Sally Forth
10.8%
Shoe
9.3%
Non Sequitur
8.9%
The Lockhorns
8.4%
Rose is Rose
7.9%
The Born Loser
5.8%
Frank & Ernest
5.5%
One Big Happy
2.9%
Tundra
2.3%
Rubes
1.6%

You're not logged in!

Compare scores with friends on all Sporcle quizzes.
Join for Free
OR
Log In

You Might Also Like...

Show Comments

Extras

Top Quizzes Today


Score Distribution

Your Account Isn't Verified!

In order to create a playlist on Sporcle, you need to verify the email address you used during registration. Go to your Sporcle Settings to finish the process.

Report this User

Report this user for behavior that violates our Community Guidelines.

Details: